000 00335nam a2200145Ia 4500
008 230711s9999||||xx |||||||||||||| ||und||
041 _aENG
082 _a624
_bMO-P
100 _aMokienko N
245 0 _aPractical bench work
250 _a4th . Ed.
260 _c1991
_aNew Delhi
_bMIR
650 _aMechanical Engineering
942 _cBK
999 _c195
_d195